[Event "NB II. Asztalos csoport"]
[Site "Baja"]
[Date "2023.12.10"]
[Round "3.1"]
[White "Papp, Tamas"]
[Black "Jesenski, Tibor"]
[Result "1/2-1/2"]
[WhiteElo "2280"]
[BlackElo "2258"]
[PlyCount "24"]
[EventDate "2023.10.08"]
[EventType "team-tourn"]
[EventRounds "9"]
[EventCountry "HUN"]
[Source "chess.hu"]
[WhiteTeam "Decs 1990"]
[BlackTeam "Bajai SSC"]
[WhiteTeamCountry "HUN"]
[BlackTeamCountry "HUN"]

1. e4 d6 2. d4 Nf6 3. Nc3 g6 4. Be2 Bg7 5. h4 Nc6 6. h5 gxh5 7. d5 Ne5 8. Bxh5
Nxh5 9. Qxh5 c6 10. Bh6 Bf6 11. Bg5 Bg7 12. Bh6 Bf6 1/2-1/2

[Event "NB II. Asztalos csoport"]
[Site "Baja"]
[Date "2023.12.10"]
[Round "3.2"]
[White "Arbutina, Sinisa"]
[Black "Taskovits, Istvan"]
[Result "1/2-1/2"]
[WhiteElo "2184"]
[BlackElo "2336"]
[PlyCount "74"]
[EventDate "2023.10.08"]
[EventType "team-tourn"]
[EventRounds "9"]
[EventCountry "HUN"]
[Source "chess.hu"]
[WhiteTeam "Bajai SSC"]
[BlackTeam "Decs 1990"]
[WhiteTeamCountry "HUN"]
[BlackTeamCountry "HUN"]

1. d4 Nf6 2. Nf3 d5 3. Bf4 c5 4. c3 Nc6 5. Nbd2 cxd4 6. Nxd4 Nxd4 7. cxd4 Qb6
8. Qb3 Qxd4 9. e3 Qb6 10. Qxb6 axb6 11. Bc7 Bd7 12. Bxb6 e6 13. Bd3 Bd6 14. O-O
Ke7 15. a3 Bc6 16. f4 Nd7 17. Bd4 f6 18. b4 e5 19. Bb2 b5 20. Rac1 Rac8 21. Bf5
g6 22. Bxd7 Bxd7 23. fxe5 Bxe5 24. Bd4 Bf5 25. Bc5+ Ke6 26. Nb3 Bd3 27. Rf2 Bc4
28. Nd4+ Kf7 29. Nf3 Kg7 30. Nxe5 fxe5 31. Be7 Rc6 32. g4 Re8 33. Bc5 h6 34.
Kg2 Ra6 35. Rc3 Rea8 36. h4 Rxa3 37. Bd6 Rxc3 1/2-1/2

[Event "NB II. Asztalos csoport"]
[Site "Baja"]
[Date "2023.12.10"]
[Round "3.3"]
[White "Kiss, Lajos"]
[Black "Gabric, Goran"]
[Result "1/2-1/2"]
[WhiteElo "2168"]
[BlackElo "2197"]
[PlyCount "101"]
[EventDate "2023.10.08"]
[EventType "team-tourn"]
[EventRounds "9"]
[EventCountry "HUN"]
[Source "chess.hu"]
[WhiteTeam "Decs 1990"]
[BlackTeam "Bajai SSC"]
[WhiteTeamCountry "HUN"]
[BlackTeamCountry "HUN"]

1. d4 d5 2. c4 e6 3. Nf3 Nf6 4. Nc3 Be7 5. Bf4 O-O 6. e3 Nh5 7. Bg3 Nxg3 8.
hxg3 dxc4 9. Qc2 h6 10. Bxc4 Nd7 11. O-O-O c6 12. g4 b5 13. Bd3 Re8 14. Ne4 Bb7
15. Rh5 Rc8 16. Nc5 Nxc5 17. dxc5 Qa5 18. Ne5 Rcd8 19. Bh7+ Kf8 20. Nd7+ Rxd7
21. Rxd7 Bc8 22. Rd3 b4 23. Be4 Ba6 24. Rd7 Qxa2 25. Rxa7 Bf6 26. Bd3 Qa1+ 27.
Kd2 Rd8 28. Rxa6 Qxa6 29. Ke2 Qa1 30. b3 Ra8 31. Kf3 Ra2 32. Qc4 Qc3 33. Rh1
Qxc4 34. Bxc4 Ra5 35. Ke4 Rxc5 36. Rh5 Rxh5 37. gxh5 Ke7 38. g4 Bc3 39. f4 Kd6
40. f5 exf5+ 41. Kxf5 Ke7 42. e4 Bd2 43. e5 Bc1 44. e6 fxe6+ 45. Bxe6 Kd6 46.
Bc4 Bg5 47. Bf7 Bf6 48. Bc4 Kc5 49. Be6 Kd4 50. Bc4 Kc3 51. Be6 1/2-1/2

[Event "NB II. Asztalos csoport"]
[Site "Baja"]
[Date "2023.12.10"]
[Round "3.4"]
[White "Balint, Richard"]
[Black "Nagybiro, Laszlo"]
[Result "1/2-1/2"]
[WhiteElo "2087"]
[BlackElo "2079"]
[PlyCount "83"]
[EventDate "2023.10.08"]
[EventType "team-tourn"]
[EventRounds "9"]
[EventCountry "HUN"]
[Source "chess.hu"]
[WhiteTeam "Bajai SSC"]
[BlackTeam "Decs 1990"]
[WhiteTeamCountry "HUN"]
[BlackTeamCountry "HUN"]

1. e4 e5 2. Nc3 Nc6 3. Nf3 Nf6 4. Bb5 d6 5. d4 exd4 6. Nxd4 Bd7 7. O-O Be7 8.
Be3 Nxd4 9. Bxd7+ Qxd7 10. Qxd4 O-O 11. Rad1 Qc6 12. Rfe1 h6 13. Nd5 Nxd5 14.
exd5 Qd7 15. b3 Rfe8 16. c4 Qf5 17. Qd3 Qxd3 18. Rxd3 Bf6 19. Kf1 b6 20. h3 Re7
21. Bf4 Rae8 22. Rde3 Kf8 23. Rxe7 Bxe7 24. Bd2 a5 25. Re4 Bf6 26. Rxe8+ Kxe8
27. Ke2 Ke7 28. Kd3 Be5 29. a3 Bb2 30. a4 f5 31. b4 axb4 32. Bxb4 g6 33. Bd2 h5
34. f3 Bf6 35. g4 fxg4 36. fxg4 hxg4 37. hxg4 Kd7 38. Ke4 Ke7 39. Kd3 Kd7 40.
Kc2 Kc8 41. Kb3 Kb7 42. a5 1/2-1/2

[Event "NB II. Asztalos csoport"]
[Site "Baja"]
[Date "2023.12.10"]
[Round "3.5"]
[White "Gal, Peter"]
[Black "Follardt, Lorinc"]
[Result "1/2-1/2"]
[WhiteElo "2024"]
[BlackElo "1950"]
[PlyCount "139"]
[EventDate "2023.10.08"]
[EventType "team-tourn"]
[EventRounds "9"]
[EventCountry "HUN"]
[Source "chess.hu"]
[WhiteTeam "Decs 1990"]
[BlackTeam "Bajai SSC"]
[WhiteTeamCountry "HUN"]
[BlackTeamCountry "HUN"]

1. d4 Nf6 2. Nf3 d5 3. c4 e6 4. Nc3 c5 5. cxd5 Nxd5 6. e4 cxd4 7. Qxd4 Nxc3 8.
Qxc3 Nc6 9. Bb5 Qb6 10. a4 Qc5 11. Bd2 Qxc3 12. Bxc3 Bd7 13. O-O f6 14. e5 Be7
15. Rfe1 Rd8 16. Bc4 Kf7 17. Rad1 Bc8 18. exf6 gxf6 19. Nd4 Nxd4 20. Bxd4 a6
21. Bb6 Rd6 22. a5 Rc6 23. Rc1 Bd8 24. Bxd8 Rxd8 25. b3 Ke7 26. Re4 h5 27. Rce1
Rg8 28. f4 Rd6 29. Bxe6 Rxe6 30. Rxe6+ Bxe6 31. f5 Rg5 32. Rxe6+ Kf7 33. Rb6
Rxf5 34. Rxb7+ Kg6 35. b4 Rf4 36. g3 Rc4 37. Kg2 Kf5 38. Rb6 Rc2+ 39. Kh3 Rc4
40. Rxa6 Rxb4 41. Ra8 h4 42. a6 hxg3 43. hxg3 Ra4 44. a7 Ra2 45. g4+ Kf4 46.
Rf8 Rxa7 47. Rxf6+ Kg5 48. Rf5+ Kg6 49. Rb5 Ra3+ 50. Kh4 Ra6 51. Rg5+ Kh6 52.
Rg8 Ra4 53. Rc8 Ra6 54. g5+ Kg6 55. Rg8+ Kh7 56. Rf8 Ra1 57. Rf7+ Kg6 58. Rf6+
Kg7 59. Rf4 Rh1+ 60. Kg4 Kg6 61. Rf6+ Kg7 62. Rf3 Kg6 63. Rf6+ Kg7 64. Rd6 Rf1
65. Ra6 Rg1+ 66. Kf5 Rf1+ 67. Ke5 Re1+ 68. Kf5 Rf1+ 69. Kg4 Rg1+ 70. Kf5
1/2-1/2

[Event "NB II. Asztalos csoport"]
[Site "Baja"]
[Date "2023.12.10"]
[Round "3.6"]
[White "Darazs, Zoltan"]
[Black "Horvath, Balazs"]
[Result "1/2-1/2"]
[WhiteElo "2025"]
[BlackElo "2102"]
[PlyCount "84"]
[EventDate "2023.10.08"]
[EventType "team-tourn"]
[EventRounds "9"]
[EventCountry "HUN"]
[Source "chess.hu"]
[WhiteTeam "Bajai SSC"]
[BlackTeam "Decs 1990"]
[WhiteTeamCountry "HUN"]
[BlackTeamCountry "HUN"]

1. e4 d5 2. exd5 Qxd5 3. Nc3 Qa5 4. d4 c6 5. Nf3 Nf6 6. Be2 Bf5 7. O-O Nbd7 8.
a3 e6 9. Bf4 Be7 10. b4 Qd8 11. Nh4 Bg6 12. Nxg6 hxg6 13. Bf3 Nh5 14. Be3 Bd6
15. g3 Ndf6 16. b5 Nd5 17. Nxd5 cxd5 18. c4 Be7 19. cxd5 exd5 20. Qb3 Nf6 21.
Bg5 O-O 22. Rad1 Qb6 23. Rfe1 Qd6 24. Bxf6 Bxf6 25. Bxd5 Rad8 26. Bxb7 Bxd4 27.
Bc6 Qf6 28. Qf3 Qxf3 29. Bxf3 Bc5 30. a4 Bb6 31. Kg2 Rxd1 32. Rxd1 Rd8 33. Bd5
Kf8 34. f4 f6 35. Kf3 Rc8 36. Bc6 Rd8 37. Rxd8+ Bxd8 38. Ke4 Ke7 39. Kd5 Bb6
40. g4 Be3 41. f5 gxf5 42. gxf5 Bb6 1/2-1/2

[Event "NB II. Asztalos csoport"]
[Site "Baja"]
[Date "2023.12.10"]
[Round "3.7"]
[White "Balazs, Imre"]
[Black "Javor, Sandor"]
[Result "0-1"]
[WhiteElo "2023"]
[BlackElo "2084"]
[PlyCount "64"]
[EventDate "2023.10.08"]
[EventType "team-tourn"]
[EventRounds "9"]
[EventCountry "HUN"]
[Source "chess.hu"]
[WhiteTeam "Decs 1990"]
[BlackTeam "Bajai SSC"]
[WhiteTeamCountry "HUN"]
[BlackTeamCountry "HUN"]

1. e4 e6 2. d3 d5 3. Nd2 dxe4 4. dxe4 Bc5 5. g3 Nc6 6. Ngf3 a6 7. Bg2 e5 8. O-O
Be6 9. Qe2 Nd4 10. Nxd4 Qxd4 11. c3 Qd7 12. b4 Bb6 13. a4 h5 14. Nc4 Bxc4 15.
Qxc4 h4 16. Qd5 Qxd5 17. exd5 hxg3 18. hxg3 a5 19. Be3 Bxe3 20. fxe3 Nf6 21.
Rf5 Rh5 22. Rxh5 Nxh5 23. Kf2 Nf6 24. b5 e4 25. c4 b6 26. Rc1 Rd8 27. Rd1 Kd7
28. Rd4 Re8 29. Bh3+ Kd6 30. g4 Nd7 31. Bg2 Nc5 32. Kg3 g5 0-1

[Event "NB II. Asztalos csoport"]
[Site "Baja"]
[Date "2023.12.10"]
[Round "3.8"]
[White "Kosa, Jeno"]
[Black "Barbarics, Tamas"]
[Result "1/2-1/2"]
[WhiteElo "2092"]
[BlackElo "1982"]
[PlyCount "110"]
[EventDate "2023.10.08"]
[EventType "team-tourn"]
[EventRounds "9"]
[EventCountry "HUN"]
[Source "chess.hu"]
[WhiteTeam "Bajai SSC"]
[BlackTeam "Decs 1990"]
[WhiteTeamCountry "HUN"]
[BlackTeamCountry "HUN"]

1. d4 Nf6 2. Nf3 d5 3. g3 e6 4. Bg2 Be7 5. O-O Nbd7 6. c4 O-O 7. Qc2 c6 8. Nbd2
Re8 9. e4 dxe4 10. Nxe4 Nxe4 11. Qxe4 Nf6 12. Qe2 a5 13. h4 c5 14. dxc5 Bxc5
15. Be3 Qb6 16. Bxc5 Qxc5 17. Ne5 a4 18. Rac1 Ra5 19. Nd3 Qf5 20. Rfd1 g5 21.
hxg5 Qxg5 22. Qd2 Qxd2 23. Rxd2 Kg7 24. Rcd1 Rd8 25. Nb4 Rxd2 26. Rxd2 Rc5 27.
b3 axb3 28. axb3 Kf8 29. Nc6 bxc6 30. Rd8+ Ke7 31. Rxc8 Kd6 32. Kf1 Ng4 33. Rh8
h5 34. Bf3 Nh2+ 35. Kg2 Nxf3 36. Kxf3 Rf5+ 37. Ke3 Kc5 38. f4 Kb4 39. Rb8+ Kc3
40. Ke4 c5 41. Rb5 Kc2 42. b4 cxb4 43. Rxb4 Ra5 44. Rb5 Ra3 45. Rxh5 Rxg3 46.
Rh7 f5+ 47. Ke5 Re3+ 48. Kd6 Kd3 49. c5 Ke4 50. Rh4 Rc3 51. c6 Rc1 52. c7 Kf3
53. Kxe6 Rxc7 54. Kxf5 Rc5+ 55. Kg6 Kg3 1/2-1/2

[Event "NB II. Asztalos csoport"]
[Site "Baja"]
[Date "2023.12.10"]
[Round "3.9"]
[White "Forster, Tamas"]
[Black "Kelemen, Aron"]
[Result "0-1"]
[WhiteElo "1993"]
[BlackElo "1861"]
[PlyCount "78"]
[EventDate "2023.10.08"]
[EventType "team-tourn"]
[EventRounds "9"]
[EventCountry "HUN"]
[Source "chess.hu"]
[WhiteTeam "Decs 1990"]
[BlackTeam "Bajai SSC"]
[WhiteTeamCountry "HUN"]
[BlackTeamCountry "HUN"]

1. e4 c5 2. Nf3 d6 3. c4 Nf6 4. Nc3 Nc6 5. d4 cxd4 6. Nxd4 g6 7. Be2 Bg7 8. Be3
Qa5 9. O-O O-O 10. Rc1 Bd7 11. f4 Rad8 12. Bf3 Nxd4 13. Bxd4 Bc6 14. Qe2 Rfe8
15. Qf2 Nd7 16. Bxg7 Kxg7 17. Rfd1 Nc5 18. b3 e5 19. fxe5 dxe5 20. Nd5 Ne6 21.
b4 Qa4 22. Qb2 Bxd5 23. exd5 Nd4 24. c5 Qd7 25. c6 bxc6 26. dxc6 Qc7 27. Re1
Kg8 28. Rc5 f6 29. Bd5+ Kg7 30. Kh1 Rd6 31. b5 Rb8 32. a4 Rbd8 33. Ba2 Qa5 34.
Rec1 Qxa4 35. c7 Rc8 36. h3 Rb6 37. Rd5 Nxb5 38. Rd7+ Kh6 39. Qd2+ Qf4 0-1

[Event "NB II. Asztalos csoport"]
[Site "Baja"]
[Date "2023.12.10"]
[Round "3.10"]
[White "Jaeger, Laszlo"]
[Black "Werner, Anna"]
[Result "0-1"]
[WhiteElo "1812"]
[BlackElo "1937"]
[PlyCount "44"]
[EventDate "2023.10.08"]
[EventType "team-tourn"]
[EventRounds "9"]
[EventCountry "HUN"]
[Source "chess.hu"]
[WhiteTeam "Bajai SSC"]
[BlackTeam "Decs 1990"]
[WhiteTeamCountry "HUN"]
[BlackTeamCountry "HUN"]

1. e4 e6 2. d4 d5 3. exd5 exd5 4. Bd3 Bd6 5. Nf3 Bg4 6. h3 Bh5 7. O-O Ne7 8.
Be3 c6 9. c3 Nd7 10. Nbd2 Qc7 11. Qc2 O-O-O 12. Nh4 Kb8 13. b4 f6 14. Nf5 Nxf5
15. Bxf5 g6 16. Bd3 f5 17. Nb3 f4 18. Bd2 f3 19. g4 Nf6 20. gxh5 Qd7 21. Bf5
gxf5 22. Qd3 Qg7+ 0-1

[Event "NB II. Asztalos csoport"]
[Site "Baja"]
[Date "2023.12.10"]
[Round "3.11"]
[White "Papp, Csaba Dr"]
[Black "Vuity, Janos"]
[Result "1-0"]
[WhiteElo "2003"]
[BlackElo "1802"]
[PlyCount "77"]
[EventDate "2023.10.08"]
[EventType "team-tourn"]
[EventRounds "9"]
[EventCountry "HUN"]
[Source "chess.hu"]
[WhiteTeam "Decs 1990"]
[BlackTeam "Bajai SSC"]
[WhiteTeamCountry "HUN"]
[BlackTeamCountry "HUN"]

1. e4 c6 2. d4 d5 3. Nc3 dxe4 4. Nxe4 Bf5 5. Ng3 Bg6 6. Nf3 Nd7 7. Bd3 Bxd3 8.
Qxd3 Ngf6 9. O-O e6 10. Bf4 Nd5 11. Be3 N7f6 12. c4 Nxe3 13. fxe3 Bd6 14. Ne2
O-O 15. Rad1 Qc7 16. e4 Be7 17. e5 Nd7 18. Nf4 c5 19. Kh1 cxd4 20. Qxd4 Nb6 21.
b3 Rad8 22. Qe4 Rxd1 23. Rxd1 Rd8 24. Rf1 Rd7 25. h4 Qd8 26. Kh2 Bxh4 27. Nxe6
fxe6 28. Qxh4 Qxh4+ 29. Nxh4 Rd3 30. Nf3 h6 31. Kg3 Nc8 32. Kf4 Rd7 33. Ke4 Kf7
34. Nh4+ Ke7 35. Ng6+ Kd8 36. Rf8+ Kc7 37. Nf4 Re7 38. Rg8 Kd7 39. Nh5 1-0

[Event "NB II. Asztalos csoport"]
[Site "Baja"]
[Date "2023.12.10"]
[Round "3.12"]
[White "Baki, Bence"]
[Black "B.Garai, Lehel"]
[Result "0-1"]
[WhiteElo "1817"]
[BlackElo "1855"]
[PlyCount "66"]
[EventDate "2023.10.08"]
[EventType "team-tourn"]
[EventRounds "9"]
[EventCountry "HUN"]
[Source "chess.hu"]
[WhiteTeam "Bajai SSC"]
[BlackTeam "Decs 1990"]
[WhiteTeamCountry "HUN"]
[BlackTeamCountry "HUN"]

1. e4 e6 2. Nc3 d5 3. d4 Bb4 4. e5 c5 5. f4 Nc6 6. Bb5 Qa5 7. Bxc6+ bxc6 8.
Nge2 cxd4 9. Nxd4 Bxc3+ 10. bxc3 Qxc3+ 11. Qd2 Qxa1 12. Nb3 Qxa2 13. Qb4 Qxc2
14. O-O Ne7 15. Nd4 Qc4 16. Qd2 O-O 17. Ba3 c5 18. Nf3 Ba6 19. Rc1 Qd3 20. Qa5
Nf5 21. Bxc5 Rfc8 22. h3 h6 23. Ra1 Qb5 24. Qxa6 Qxa6 25. Rxa6 Rxc5 26. g4 Ne3
27. Kf2 Nc4 28. Ra2 Rb5 29. Kg3 Rb3 30. h4 d4 31. Kf2 Rb2+ 32. Rxb2 Nxb2 33.
Nxd4 a5 0-1

[Event "NB II. Asztalos csoport"]
[Site "Marcali"]
[Date "2024.01.28"]
[Round "3.1"]
[White "Veress, Robert"]
[Black "Haszon, David"]
[Result "1/2-1/2"]
[WhiteElo "2184"]
[BlackElo "2245"]
[PlyCount "96"]
[EventDate "2023.10.08"]
[EventType "team-tourn"]
[EventRounds "9"]
[EventCountry "HUN"]
[Source "chess.hu"]
[WhiteTeam "Kaposvari Bastya SE"]
[BlackTeam "Marcali VSZSE"]
[WhiteTeamCountry "HUN"]
[BlackTeamCountry "HUN"]

1. d4 d5 2. c4 e6 3. Nc3 a6 4. Nf3 dxc4 5. e3 b5 6. a4 b4 7. Nb1 Bb7 8. Bxc4
Nf6 9. O-O Nbd7 10. Qe2 c5 11. Nbd2 Qc7 12. Nb3 Bd6 13. h3 O-O 14. dxc5 Nxc5
15. Nxc5 Qxc5 16. b3 Bxf3 17. gxf3 Qe5 18. f4 Qxa1 19. Bb2 Qxf1+ 20. Kxf1 a5
21. Qf3 Rfd8 22. Bxf6 gxf6 23. Qg4+ Kf8 24. f5 e5 25. Qh5 Ra7 26. Qxh7 Rc7 27.
Qh4 Ke7 28. Qe4 Rdc8 29. Bxf7 Kxf7 30. Qd5+ Kg7 31. Qxd6 Rf7 32. Qd5 Rc3 33. h4
e4 34. h5 Rc1+ 35. Kg2 Re7 36. Qxa5 Kh7 37. Kg3 Rg1+ 38. Kf4 Rg2 39. Qxb4 Rxf2+
40. Kg3 Rf3+ 41. Kh4 Rg7 42. Qxe4 Rf1 43. a5 Ra1 44. Qc6 Rag1 45. a6 R1g4+ 46.
Kh3 Rg3+ 47. Kh2 R3g4 48. Kh3 Rg3+ 1/2-1/2

[Event "NB II. Asztalos csoport"]
[Site "Marcali"]
[Date "2024.01.28"]
[Round "3.2"]
[White "Toth, Daniel"]
[Black "Katai, David"]
[Result "1-0"]
[WhiteElo "2086"]
[BlackElo "2163"]
[PlyCount "47"]
[EventDate "2023.10.08"]
[EventType "team-tourn"]
[EventRounds "9"]
[EventCountry "HUN"]
[Source "chess.hu"]
[WhiteTeam "Marcali VSZSE"]
[BlackTeam "Kaposvari Bastya SE"]
[WhiteTeamCountry "HUN"]
[BlackTeamCountry "HUN"]

1. c4 Nf6 2. Nc3 g6 3. e4 d6 4. d4 Bg7 5. f3 O-O 6. Be3 c5 7. dxc5 Qa5 8. cxd6
exd6 9. Bd3 Nc6 10. Nge2 Be6 11. O-O Rac8 12. Qd2 Ne5 13. b3 Rfe8 14. Rfd1 b5
15. Nxb5 Qxd2 16. Rxd2 Nxe4 17. Bxe4 f5 18. Bb7 Rb8 19. Nxd6 Nxc4 20. bxc4 Bxa1
21. Nxe8 Rxb7 22. Nd6 Rc7 23. Bd4 Bxc4 24. Nxc4 1-0

[Event "NB II. Asztalos csoport"]
[Site "Marcali"]
[Date "2024.01.28"]
[Round "3.3"]
[White "Kadlicsko, Jozsef"]
[Black "Link, Ulrich"]
[Result "1/2-1/2"]
[WhiteElo "2008"]
[BlackElo "2059"]
[PlyCount "46"]
[EventDate "2023.10.08"]
[EventType "team-tourn"]
[EventRounds "9"]
[EventCountry "HUN"]
[Source "chess.hu"]
[WhiteTeam "Kaposvari Bastya SE"]
[BlackTeam "Marcali VSZSE"]
[WhiteTeamCountry "HUN"]
[BlackTeamCountry "HUN"]

1. e4 c5 2. Nc3 e6 3. f4 d5 4. Bb5+ Nc6 5. Nf3 Nge7 6. O-O dxe4 7. Nxe4 a6 8.
Be2 Nd5 9. d3 Qc7 10. Qd2 Be7 11. c4 Nf6 12. h3 O-O 13. Qe3 b6 14. Bd2 Rd8 15.
Bc3 Nxe4 16. dxe4 Nd4 17. Bxd4 cxd4 18. Qd2 a5 19. a3 a4 20. Bd3 Bb7 21. Rae1
Ra5 22. Ne5 Bh4 23. Re2 Bg3 1/2-1/2

[Event "NB II. Asztalos csoport"]
[Site "Marcali"]
[Date "2024.01.28"]
[Round "3.4"]
[White "Molnar, Roland"]
[Black "Mihalecz, Attila"]
[Result "1-0"]
[WhiteElo "2001"]
[BlackElo "1898"]
[PlyCount "43"]
[EventDate "2023.10.08"]
[EventType "team-tourn"]
[EventRounds "9"]
[EventCountry "HUN"]
[Source "chess.hu"]
[WhiteTeam "Marcali VSZSE"]
[BlackTeam "Kaposvari Bastya SE"]
[WhiteTeamCountry "HUN"]
[BlackTeamCountry "HUN"]

1. d4 Nf6 2. Nf3 d6 3. Nc3 Nbd7 4. e4 e5 5. h3 Be7 6. Be2 O-O 7. O-O c6 8. a4
h6 9. Be3 Nh7 10. Qd2 Ng5 11. Rad1 Nxf3+ 12. Bxf3 exd4 13. Bxd4 Bg5 14. Be3
Bxe3 15. Qxe3 Qe7 16. Qd4 Qg5 17. Bg4 h5 18. f4 Qg6 19. Bxd7 Bxd7 20. Qxd6 Qxd6
21. Rxd6 Rfd8 22. Rfd1 1-0

[Event "NB II. Asztalos csoport"]
[Site "Marcali"]
[Date "2024.01.28"]
[Round "3.5"]
[White "Marcsingo, Jozsef"]
[Black "Haszon, Abel"]
[Result "1-0"]
[WhiteElo "1721"]
[BlackElo "1823"]
[PlyCount "49"]
[EventDate "2023.10.08"]
[EventType "team-tourn"]
[EventRounds "9"]
[EventCountry "HUN"]
[Source "chess.hu"]
[WhiteTeam "Kaposvari Bastya SE"]
[BlackTeam "Marcali VSZSE"]
[WhiteTeamCountry "HUN"]
[BlackTeamCountry "HUN"]

1. e4 c6 2. d4 d5 3. exd5 cxd5 4. Nf3 Bg4 5. h3 Bh5 6. Be2 Nc6 7. c3 e6 8. O-O
Bd6 9. Re1 Nf6 10. Bg5 h6 11. Bh4 g5 12. Bg3 Bxg3 13. fxg3 Qd6 14. Ne5 Bxe2 15.
Qxe2 Ne4 16. Nd2 Nxg3 17. Qf3 Nf5 18. Nxc6 Nh4 19. Qf6 Rh7 20. Ne5 Nf5 21. Nxf7
Rxf7 22. Rxe6+ Kd7 23. Rxd6+ Nxd6 24. Qxh6 Re8 25. Nf3 1-0

[Event "NB II. Asztalos csoport"]
[Site "Marcali"]
[Date "2024.01.28"]
[Round "3.6"]
[White "Garai, Tamas"]
[Black "Makaresz, Ferenc"]
[Result "0-1"]
[WhiteElo "1906"]
[BlackElo "1803"]
[PlyCount "106"]
[EventDate "2023.10.08"]
[EventType "team-tourn"]
[EventRounds "9"]
[EventCountry "HUN"]
[Source "chess.hu"]
[WhiteTeam "Marcali VSZSE"]
[BlackTeam "Kaposvari Bastya SE"]
[WhiteTeamCountry "HUN"]
[BlackTeamCountry "HUN"]

1. e4 e5 2. Nf3 d6 3. d4 exd4 4. Nxd4 Bd7 5. Nc3 Nc6 6. Be3 Nf6 7. f3 Be7 8.
Qd2 a6 9. a3 b5 10. Nxc6 Bxc6 11. Rd1 O-O 12. Bd3 Nd7 13. O-O Bf6 14. Be2 g6
15. b3 Re8 16. Nd5 Bxd5 17. Qxd5 Qe7 18. Bf2 Nc5 19. Qc6 Ne6 20. Be3 Rec8 21.
Qd5 Rd8 22. Qd2 c6 23. Qc1 Nc7 24. Bd3 d5 25. Rde1 dxe4 26. Bxe4 Nd5 27. Bf2
Qc7 28. c4 Ne7 29. Re2 Bd4 30. Bxd4 Rxd4 31. cxb5 axb5 32. Qc5 Qa7 33. Qxa7
Rxa7 34. Ra1 f5 35. Bc2 Kf7 36. a4 Nd5 37. a5 Nb4 38. Kf2 c5 39. h3 c4 40. bxc4
bxc4 41. Ra4 Nc6 42. g4 Kf6 43. Ra2 Rxa5 44. Rb2 Rad5 45. Rb7 Rd2 46. Ba4 Ne5
47. f4 Nd3+ 48. Kg3 Rxe2 49. g5+ Ke6 50. Be8 Re3+ 51. Kh2 Nxf4 52. Bf7+ Ke5 53.
Bxd5 Nxd5 0-1

[Event "NB II. Asztalos csoport"]
[Site "Marcali"]
[Date "2024.01.28"]
[Round "3.7"]
[White "Biro, Tamas"]
[Black "Mike, Janos"]
[Result "1/2-1/2"]
[WhiteElo "1787"]
[BlackElo "1842"]
[PlyCount "64"]
[EventDate "2023.10.08"]
[EventType "team-tourn"]
[EventRounds "9"]
[EventCountry "HUN"]
[Source "chess.hu"]
[WhiteTeam "Kaposvari Bastya SE"]
[BlackTeam "Marcali VSZSE"]
[WhiteTeamCountry "HUN"]
[BlackTeamCountry "HUN"]

1. e4 e6 2. Nc3 g6 3. f4 Bg7 4. Nf3 Ne7 5. d4 d5 6. Bd3 dxe4 7. Nxe4 c6 8. c3
Nd7 9. O-O Nf6 10. Ne5 Nxe4 11. Bxe4 O-O 12. Qf3 f6 13. Nc4 Nd5 14. Bd2 b6 15.
Rad1 Ba6 16. b3 Qc7 17. Rfe1 Rae8 18. Nb2 f5 19. Bd3 Bb7 20. Qf2 a5 21. Nc4 Ba6
22. Nb2 Bc8 23. Bc4 Nf6 24. Bd3 Nd5 25. Qh4 c5 26. Qf2 cxd4 27. cxd4 Qd8 28.
Bb5 Bd7 29. Bc4 Bc6 30. Nd3 b5 31. Bxd5 Bxd5 32. Ne5 Re7 1/2-1/2

[Event "NB II. Asztalos csoport"]
[Site "Marcali"]
[Date "2024.01.28"]
[Round "3.10"]
[White "Nagy, Balazs"]
[Black "Keszericze, Imre"]
[Result "1-0"]
[WhiteElo "1729"]
[BlackElo "1508"]
[PlyCount "135"]
[EventDate "2023.10.08"]
[EventType "team-tourn"]
[EventRounds "9"]
[EventCountry "HUN"]
[Source "chess.hu"]
[WhiteTeam "Marcali VSZSE"]
[BlackTeam "Kaposvari Bastya SE"]
[WhiteTeamCountry "HUN"]
[BlackTeamCountry "HUN"]

1. d4 d5 2. Nf3 h6 3. e3 a6 4. Bd3 Nf6 5. Nbd2 e6 6. O-O Nc6 7. c3 Be7 8. e4
dxe4 9. Nxe4 Nxe4 10. Bxe4 Bf6 11. Bf4 g5 12. Bxc6+ bxc6 13. Be5 Bb7 14. Bxf6
Qxf6 15. Ne5 O-O-O 16. b4 h5 17. Qa4 Rd6 18. Nd3 Kd8 19. Nc5 Bc8 20. Ne4 Qe7
21. Nxd6 Qxd6 22. Qa5 f6 23. Qc5 Qf4 24. Qxc6 g4 25. Rae1 h4 26. Re4 Qg5 27.
Rfe1 h3 28. g3 Re8 29. Rf4 Bd7 30. Qe4 f5 31. Qa8+ Bc8 32. Qc6 Bd7 33. Qxa6 Qg7
34. Re5 Bc8 35. Qc6 Bd7 36. Qc5 Bc8 37. b5 Bb7 38. a4 Qd7 39. a5 Be4 40. Rfxe4
fxe4 41. Rxe4 e5 42. Rxe5 Rxe5 43. Qxe5 Qh7 44. Qe1 Qd3 45. b6 cxb6 46. axb6
Qf3 47. Qf1 Qxc3 48. Qd1 Qb4 49. Kf1 Qc4+ 50. Ke1 Qb4+ 51. Ke2 Qxb6 52. Ke3
Qe6+ 53. Kf4 Qd5 54. Qxg4 Qg2 55. Qg8+ Kd7 56. Qh7+ Kc8 57. Kg4 Qxh2 58. f4 Qg1
59. Qxh3 Qxd4 60. Kg5+ Kb8 61. Qe6 Qg7+ 62. Qg6 Qe7+ 63. Qf6 Qh7 64. g4 Qg8+
65. Qg6 Qd8+ 66. Kf5 Qd4 67. Qe8+ Ka7 68. Qe7+ 1-0

[Event "NB II. Asztalos csoport"]
[Site "Dunaujvaros"]
[Date "2024.02.18"]
[Round "4.2"]
[White "Remenyi, Szilard"]
[Black "Galambos, Tivadar"]
[Result "0-1"]
[WhiteElo "1989"]
[BlackElo "1915"]
[PlyCount "158"]
[EventDate "2023.10.08"]
[EventType "team-tourn"]
[EventRounds "9"]
[EventCountry "HUN"]
[Source "chess.hu"]
[WhiteTeam "Racalmas-Kiralysakk "]
[BlackTeam "Kaposvari Bastya SE"]
[WhiteTeamCountry "HUN"]
[BlackTeamCountry "HUN"]

1. d4 Nf6 2. c4 d6 3. Nc3 g6 4. e4 Bg7 5. f3 O-O 6. Be3 c6 7. Qd2 h5 8. Be2 Kh7
9. h4 Rh8 10. Nh3 Na6 11. O-O-O Nc7 12. Rdg1 Kg8 13. Ng5 a6 14. g4 b5 15. gxh5
Nxh5 16. f4 e6 17. Bxh5 Rxh5 18. Qg2 Qe7 19. Ne2 bxc4 20. Ng3 Rh6 21. h5 Nb5
22. hxg6 Rxg6 23. Nh5 f6 24. Nxg7 Qxg7 25. Qf1 fxg5 26. f5 exf5 27. exf5 Bxf5
28. Qxf5 Rf8 29. Qh3 d5 30. Rh2 Nd6 31. Rgh1 Nf5 32. Bd2 g4 33. Qc3 Qxd4 34.
Rh8+ Kf7 35. R1h7+ Rg7 36. Qxd4 Nxd4 37. Rxf8+ Kxf8 38. Bh6 Nf5 39. Bxg7+ Nxg7
40. Rh4 Ke7 41. Rxg4 Ne6 42. Rg8 Kd7 43. Ra8 Nc7 44. Rh8 Ne6 45. Ra8 Nc5 46.
Ra7+ Kc8 47. Kd2 Kb8 48. Rh7 Nb7 49. Kc3 Ka7 50. Kd4 Kb6 51. Rh8 Nc5 52. Rb8+
Kc7 53. Ra8 Kb7 54. Re8 Kb6 55. Rb8+ Kc7 56. Ra8 Ne6+ 57. Ke5 Kb7 58. Re8 Nc7
59. Re7 Kb6 60. Rd7 Nb5 61. Rxd5 cxd5 62. Kxd5 c3 63. bxc3 Nxc3+ 64. Kc4 Nxa2
65. Kb3 Nc1+ 66. Kb2 Nd3+ 67. Kb3 Kb5 68. Ka3 Nc5 69. Kb2 Kb4 70. Ka2 a5 71.
Kb2 a4 72. Ka2 Nd3 73. Kb1 Ka3 74. Ka1 Nc1 75. Kb1 Nb3 76. Kc2 Ka2 77. Kc3 Nd4
78. Kb4 a3 79. Kc3 Kb1 0-1